Pryce's Pokemon - Statistics

General Stats
  • This quiz has been taken 6 times
  • The average score is 13 of 18
Answer Stats
He uses it in Answer % Correct
Stadium 2 Articuno
100%
Johto Dewgong
100%
Unova Jynx
100%
Unova Lapras
100%
Johto Mamoswine
100%
Johto Piloswine
100%
Johto Seel
100%
Johto Abomasnow
67%
Johto Froslass
67%
Johto Glalie
67%
Stadium 2 Tentacruel
67%
Stadium 2 Ursaring
67%
Johto Walrein
67%
Unova Weavile
67%
Unova Cloyster
33%
Stadium 2 Donphan
33%
Stadium 2 Hitmontop
33%
Stadium 2 Girafarig
0%
No matching quizzes found
Score Distribution
Percent of People with Each Score
Percentile by Number Answered
Your Score History
You have not taken this quiz